Science Quiz

Random Science or Chemistry Quiz

'A' Element Symbols Quiz Stats

 Plays Quiz Updated May 29, 2019

Score 0/16 Timer 03:00
7 Plays Today
Atomic Number Element % Correct
18Argon
82.3%
13Aluminum
80.4%
79Gold
73.5%
11Sodium
70.3%
47Silver
69.3%
20Calcium
67.9%
33Arsenic
67.6%
56Barium
60.7%
Atomic Number Element % Correct
31Gallium
51.7%
88Radium
51.2%
85Astatine
51.1%
95Americium
47.5%
89Actinium
45.2%
57Lanthanum
41.8%
73Tantalum
36%
91Protactinium
25.4%

You're not logged in!

Compare scores with friends on all Sporcle quizzes.
OR
Log In

Sporcle TV

Today on Sporcle TV


Watch our educational content, quiz creation guides, and fun videos on Sporcle TV.

Show Comments

Extras

Top Quizzes Today


Score Distribution

Your Account Isn't Verified!

In order to create a playlist on Sporcle, you need to verify the email address you used during registration. Go to your Sporcle Settings to finish the process.

Report this User

Report this user for behavior that violates our Community Guidelines.

Details: